<?xml version="1.0" encoding="UTF-8"?><marc:collection xmlns:marc="http://www.loc.gov/MARC21/slim">
  <marc:record>
    <marc:leader>00000nam  2200000za 4500</marc:leader>
    <marc:controlfield tag="001">9.678400</marc:controlfield>
    <marc:controlfield tag="003">CaOODSP</marc:controlfield>
    <marc:controlfield tag="005">20200401074306</marc:controlfield>
    <marc:controlfield tag="007">ta</marc:controlfield>
    <marc:controlfield tag="008">150407s1992||||xxca||||     f000 0 fre d</marc:controlfield>
    <marc:datafield tag="020" ind1=" " ind2=" ">
      <marc:subfield code="a">0-660-93929-0</marc:subfield>
    </marc:datafield>
    <marc:datafield tag="040" ind1=" " ind2=" ">
      <marc:subfield code="a">CaOODSP</marc:subfield>
      <marc:subfield code="b">fre</marc:subfield>
    </marc:datafield>
    <marc:datafield tag="043" ind1=" " ind2=" ">
      <marc:subfield code="a">n-cn---</marc:subfield>
    </marc:datafield>
    <marc:datafield tag="086" ind1="1" ind2=" ">
      <marc:subfield code="a">R61-2/15-1F</marc:subfield>
    </marc:datafield>
    <marc:datafield tag="110" ind1="1" ind2=" ">
      <marc:subfield code="a">Canada.</marc:subfield>
      <marc:subfield code="b">Environnement Canada. </marc:subfield>
      <marc:subfield code="b">Service canadien des parcs.</marc:subfield>
    </marc:datafield>
    <marc:datafield tag="245" ind1="1" ind2="3">
      <marc:subfield code="a">Le Système de classification des collections historiques du Service canadien des parcs / </marc:subfield>
      <marc:subfield code="c">Lieux historiques nationaux, Service des parcs. </marc:subfield>
    </marc:datafield>
    <marc:datafield tag="260" ind1=" " ind2=" ">
      <marc:subfield code="a">Ottawa : </marc:subfield>
      <marc:subfield code="b">Environnement Canada, </marc:subfield>
      <marc:subfield code="c">1992.</marc:subfield>
    </marc:datafield>
    <marc:datafield tag="300" ind1=" " ind2=" ">
      <marc:subfield code="a">267p. ; </marc:subfield>
      <marc:subfield code="c">28 cm.</marc:subfield>
    </marc:datafield>
    <marc:datafield tag="500" ind1=" " ind2=" ">
      <marc:subfield code="a">«Ce projet, en cours depuis 1989, est le fruit d'un travail concerté réunissant des conservateurs et des archivistes de collections du Service canadien des parcs, des linguistes, des traducteurs du Secrétariat d'État et des membres de la communauté scientifique.»--p 8. </marc:subfield>
    </marc:datafield>
    <marc:datafield tag="505" ind1="2" ind2=" ">
      <marc:subfield code="a">Système de classification des collections historiques du Service canadien des parcs.--Définition des catégories, des classes et des sous-classes.--Thésaurus.--Bibliographie.</marc:subfield>
    </marc:datafield>
    <marc:datafield tag="510" ind1="3" ind2=" ">
      <marc:subfield code="a">Données de catalogage avant publication (Canada) imprimées dans cette publication.</marc:subfield>
    </marc:datafield>
    <marc:datafield tag="520" ind1="3" ind2=" ">
      <marc:subfield code="a">Imaginez un peu ce que représente le suivi d'un demi-million d'artefacts des collections historiques du Service canadien des parcs. Tâche herculéenne, direz-vous. Mais les choses sont grandement simplifiées depuis que le Service canadien des parcs a élaboré un système informatisé bilingue standard qui identifie et catalogue chaque artefact de ses 114 lieux historiques. Ce système, mis au point à partir de la nomenclature R.G. Chenhall, est maintenant offert aux musées et aux chercheurs. Le document de référence est subdivisé en trois parties : le système de classification et son fonctionnement; la définition des catégories, des classes et des sous-classes (par exemple, ameublement, équipement et objets de communication); un thésaurus de plus de 6 000 mots clés tirés des dossiers de catalogage. Pour compléter cette nomenclature, le Service canadien des parcs publiera bientôt un dictionnaire visuel bilingue qui illustrera les objets selon leur catégorie et leur classe.</marc:subfield>
    </marc:datafield>
    <marc:datafield tag="563" ind1=" " ind2=" ">
      <marc:subfield code="a">Couverture souple</marc:subfield>
    </marc:datafield>
    <marc:datafield tag="590" ind1=" " ind2=" ">
      <marc:subfield code="a">92-38</marc:subfield>
      <marc:subfield code="b">1992-09-18</marc:subfield>
    </marc:datafield>
    <marc:datafield tag="691" ind1="0" ind2="7">
      <marc:subfield code="a">Musée</marc:subfield>
      <marc:subfield code="2">gcpds</marc:subfield>
    </marc:datafield>
    <marc:datafield tag="691" ind1="0" ind2="7">
      <marc:subfield code="a">Classification documentaire</marc:subfield>
      <marc:subfield code="2">gcpds</marc:subfield>
    </marc:datafield>
    <marc:datafield tag="691" ind1="0" ind2="7">
      <marc:subfield code="a">Artefact</marc:subfield>
      <marc:subfield code="2">gcpds</marc:subfield>
    </marc:datafield>
    <marc:datafield tag="775" ind1="0" ind2="8">
      <marc:subfield code="t">Canadian Parks Service classification system for historical collections / </marc:subfield>
      <marc:subfield code="w">(CaOODSP)9.644569</marc:subfield>
    </marc:datafield>
    <marc:datafield tag="776" ind1="0" ind2="#">
      <marc:subfield code="t">Le système de classification des collections historiques du Service canadien des parcs </marc:subfield>
      <marc:subfield code="w">(CaOODSP)9.837473</marc:subfield>
    </marc:datafield>
  </marc:record>
</marc:collection>
